Normal view
MARC view
- العاني، عمر عبد الكريم
Entry Personal Name
001 - CONTROL NUMBER
- control field: 65827
003 - CONTROL NUMBER IDENTIFIER
- control field: JO-AjAnu
005 - DATE AND TIME OF LATEST TRANSACTION
- control field: 20240629140307.0
008 - FIXED-LENGTH DATA ELEMENTS
- fixed length control field: 240629|| aca||aabn | a|a d
040 ## - CATALOGING SOURCE
- Original cataloging agency: JO-AjAnu
100 #1 - HEADING--PERSONAL NAME
- Personal name: العاني، عمر عبد الكريم
- Relator term: معد